ბათუმის შოთა რუსთაველის სახელმწიფო უნივერსიტეტის ბიბლიოთეკა

ელექტროამძრავების ავტომატური მართვისა და რეგულირების საფუძვლები : დამხმ. სახელმძღვ. / (ბიბ.ჩანაწერი № 39732)

000 -ლიდერი
ფიქსირებული სიგრძის საკონტროლო ველი 01143nam a2200217Ia 4500
001 - საკონტროლო ნომერი
საკონტროლო ველი 6337
003 - საკონტროლო ნომრის იდენტიფიკატორი
საკონტროლო ველი GE_BSU
005 - ბოლო ოპერაციის თარიღი და დრო
საკონტროლო ველი 20190628211022.0
008 - ფიქსირებული სიგრძის მონაცემთა ელემენტები - ზოგადი ინფორმაცია
ფიქსირებული სიგრძის საკონტროლო ველი 181216s1978||||ge |||||||||||||| ||geo||
041 ## - ენის კოდი
Language code of text/sound track or separate title geo
080 ## - უნივერსალური ათობითი კლასიფიკაციის ინდექსი
Universal Decimal Classification number 62.83(075.8) კ-41
100 ## - მთავარი ჩანაწერი - პიროვნების სახელი
Personal name კერვალიშვილი,ო.
9 (RLIN) 3117
245 ## - ცნობა სათაურის შესახებ
Title ელექტროამძრავების ავტომატური მართვისა და რეგულირების საფუძვლები : დამხმ. სახელმძღვ. /
Statement of responsibility, etc ო. კერვალიშვილი ; რედ : ე.კირვალიძე.
264 ## - წარმოების, გამოცემის, დისტრიბუციის და სხვა ცნობები
გამოცემის, წარმოების, დისტრიბუციის... ადგილი თბილისი :
გამოცემის, წარმოების, დისტრიბუციის... სახელწოდება სპი,
გამოცემის, წარმოების, დისტრიბუციის... თარიღი 1978.
300 ## - ფიზიკური აღწერა
Extent 76 გვ.:
Other physical details ნახაზ.
Dimensions 20 სმ.
300 ## - ფიზიკური აღწერა
Accompanying material ნახაზ.
504 ## - BIBLIOGRAPHY, ETC. NOTE
Bibliography, etc ბიბლიოგრ.:გვ.75
653 ## - INDEX TERM--UNCONTROLLED
Uncontrolled term ელექტროამძრავების ავტომატური მართვისა და რეგულირების საფუძვლები
700 ## - ADDED ENTRY--PERSONAL NAME
Personal name კირვალიძე, ე
Relator term რედაქტორი
9 (RLIN) 3118
942 ## - ADDED ENTRY ELEMENTS (KOHA)
Koha item type წიგნი
Source of classification or shelving scheme
ეგზემპლარები
ჩამოწერის სტატუსი დაკარგული ეგზემპლარის სტატუსი კლასიფიკაციის წყარო ან თაროზე გაწყობის სქემა დაზიანების სტატუსი არ გაიცემა მუდმივი მდებარეობა (დაცვის ადგილი) ამჟამინდელი ადგილსამყოფელი თაროზე განთავსების ადგილი შეძენის თარიღი ღირებულება, შესყიდვის ნორმალური ფასი სრული შენახვის შიფრი შტრიხკოდი ბოლო ოპერაციის თარიღი ეგზემპლარის მიმდევრობითი ნომერი (კეტერი?) ფასის ძალაში შესვლის თარიღი ეგზემპლარის სახეობა საჯარო შენიშვნა
          ტექნოლოგიური ფაკულტეტის ბიბლიოთეკა ტექნოლოგიური ფაკულტეტის ბიბლიოთეკა წიგნსაცავი 2018-12-17 0.00 62.83(075.8) კ-41 11157 2018-12-17 11157 2018-12-17 წიგნი 0,90 თ.
          ტექნოლოგიური ფაკულტეტის ბიბლიოთეკა ტექნოლოგიური ფაკულტეტის ბიბლიოთეკა წიგნსაცავი 2018-12-17 0.00 62.83(075.8) კ-41 11158 2018-12-17 11158 2018-12-17 წიგნი 0,90 თ.
          ტექნოლოგიური ფაკულტეტის ბიბლიოთეკა ტექნოლოგიური ფაკულტეტის ბიბლიოთეკა წიგნსაცავი 2018-12-17 0.00 62.83(075.8) კ-41 11159 2018-12-17 11159 2018-12-17 წიგნი 0,90 თ.